Statistiques concernant Les secrétaires généraux des Nations Unies en image

Cliquez ici pour prendre le quiz!

Statistiques générales

  • Ce quiz a été pris 10 fois
  • Le résultat moyen est 7 sur 10

Statistiques - réponses

Réponse% Correct
Ban Ki-moon
90%
Kofi Annan
90%
Antonio Guterres
80%
Boutros Boutros-Ghali
80%
Dag Hammarskjold
60%
Kurt Waldheim
60%
Trygve Lie
60%
U Thant
60%
Javier Pérez de Cuéllar
50%
Gladwyn Jebb
30%

Distribution des résultats

Percentile par nombre de réponses

% des personnes avec chaque résultat

Votre développement - résultats

Vous n’avez pas pris ce quiz